Score 0/50 Timer 05:00
1 Play Today
% Correct
Two
94.3%
Cities
94.2%
Monte
94%
Cristo
93.9%
Were
93%
Girl
92.5%
Our
92.4%
New
91.9%
World
91.9%
Stars
91.8%
Things
91%
None
90.8%
Are
89.1%
Young
89.1%
Gray
89.1%
Dorian
89%
Cabin
86.8%
Love
86.7%
Vegas
86.6%
Las
86.3%
Rises
86%
Tom's
85.9%
Nest
85.6%
Hornet's
85.5%
Also
83.8%
% Correct
Pray
82.3%
Grows
81.5%
American
81.5%
Strange
81.3%
Land
80.6%
Watching
80.1%
Fern
79.5%
Electric
78.9%
Sheep
78.9%
Crowd
78%
Family
77.9%
Club
76.9%
Suns
76.8%
Madding
76.5%
Luck
75.3%
God
74.2%
Splendid
73.6%
Spoke
66%
Bear
63.6%
Zarathustra
63.6%
Meany
58.9%
Owen
58.5%
Tom
57.3%
Cave
57.1%
Gordon
57%
Remove Ads.
Support Sporcle.
Get the best of Sporcle when you Go Orange. This ad-free experience offers more features, more stats, and more fun while also helping to support Sporcle. Thank you for becoming a member.

You're not logged in!

Compare scores with friends on all Sporcle quizzes.
OR
Log In

Show Comments

Extras

Top Quizzes Today


Score Distribution

Your Account Isn't Verified!

In order to create a playlist on Sporcle, you need to verify the email address you used during registration. Go to your Sporcle Settings to finish the process.

Report this User

Report this user for behavior that violates our Community Guidelines.

Details: